[Event "Kiel op-A 29th"]
[Site "Kiel"]
[Date "2016.08.02"]
[Round "6"]
[White "Wichmann, Cliff"]
[Black "Kaulich, Philipp Theodor"]
[Result "1/2-1/2"]
[WhiteElo "2314"]
[BlackElo "2148"]
[PlyCount "86"]
[EventDate "2016.07.30"]
[EventType "swiss"]
[EventRounds "9"]
[EventCountry "GER"]
[SourceTitle "CBM 173 Extra"]
[Source "ChessBase"]
[SourceDate "2016.08.29"]
[SourceVersion "1"]
[SourceVersionDate "2016.08.29"]
[SourceQuality "1"]

1. e4 g6 2. d4 Bg7 3. Nf3 d6 4. Bc4 e6 5. Bb3 Nd7 6. 0-0 Ne7 7. c4 b6 8. Nc3 a6 9. Be3 h6 10. Bc2 0-0 11. Ne1 f5 12. Nd3 e5 13. dxe5 dxe5 14. f4 fxe4 15. Nxe5 Nxe5 16. fxe5 Qxd1 17. Raxd1 Bg4 18. Bxe4 Bxd1 19. Bxa8 Rxa8 20. Rxd1 Nf5 21. Bf2 Bxe5 22. g4 Ng7 23. Nd5 h5 24. Bd4 Bd6 25. Nf6+ Kf7 26. gxh5 Nxh5 27. Nxh5 gxh5 28. Bxb6 Rg8+ 29. Kh1 Ke6 30. Bf2 Be5 31. b4 Rg4 32. Rc1 Kf5 33. b5 axb5 34. cxb5 Ra4 35. Rc2 Rb4 36. Rc5 Ke4 37. Bg3 Bxg3 38. hxg3 Kf3 39. Rg5 h4 40. Kh2 hxg3+ 41. Rxg3+ Kf4 42. Rc3 Rxb5 43. Rxc7 Rb2+ 1/2-1/2

[Event "Kiel op-A 29th"]
[Site "Kiel"]
[Date "2016.07.31"]
[Round "4"]
[White "Wanner, Lukas"]
[Black "Kaulich, Philipp Theodor"]
[Result "0-1"]
[WhiteElo "2001"]
[BlackElo "2148"]
[PlyCount "89"]
[EventDate "2016.07.30"]
[EventType "swiss"]
[EventRounds "9"]
[EventCountry "GER"]
[SourceTitle "CBM 173 Extra"]
[Source "ChessBase"]
[SourceDate "2016.08.29"]
[SourceVersion "1"]
[SourceVersionDate "2016.08.29"]
[SourceQuality "1"]

1. c4 f5 2. g3 Nf6 3. Bg2 g6 4. Nc3 Bg7 5. e3 0-0 6. d4 d6 7. Nge2 e6 8. 0-0 Qe7 9. f4 c6 10. b3 e5 11. Bb2 Na6 12. Re1 g5 13. Qd2 gxf4 14. gxf4 e4 15. Ng3 Bd7 16. Bh3 Ne8 17. Kh1 Qh4 18. Qg2 Rd8 19. a3 Kh8 20. Rg1 Rf6 21. Rac1 Rg6 22. b4 Bf6 23. Nd1 Ng7 24. Bc3 Nh5 25. Be1 Nxg3+ 26. Bxg3 Qh5 27. Qf1 Rh6 28. Bg2 Rg8 29. Qe1 Rg4 30. h3 Rg8 31. Rc2 Rhg6 32. Bh2 Be8 33. Qe2 Qh6 34. b5 Nc7 35. bxc6 bxc6 36. Rb2 Bf7 37. Rb7 Bd8 38. Rxa7 R6g7 39. Rb7 Bh5 40. Qf1 Bh4 41. a4 Bg3 42. Rb2 Bxh2 43. Kxh2 Bf3 44. Qe1 Ne8 45. h4 0-1

[Event "GER-chT U20"]
[Site "Naumburg Saale"]
[Date "2014.12.29"]
[Round "6.4"]
[White "Reksten, Daniel"]
[Black "Kaulich, Philipp Theodor"]
[Result "0-1"]
[WhiteElo "1964"]
[BlackElo "2147"]
[PlyCount "70"]
[EventDate "2014.12.27"]
[EventType "team-swiss"]
[EventRounds "7"]
[EventCountry "GER"]
[SourceTitle "EXT 2016"]
[Source "ChessBase"]
[SourceDate "2015.10.08"]
[SourceVersion "1"]
[SourceVersionDate "2015.10.08"]
[SourceQuality "1"]
[WhiteTeam "Solingen"]
[BlackTeam "Bebenhausen"]
[WhiteTeamCountry "GER"]
[BlackTeamCountry "GER"]

1. d4 f5 2. Nf3 Nf6 3. c3 g6 4. g3 Bg7 5. Bg2 0-0 6. 0-0 e6 7. Bf4 d6 8. Re1 Qe7 9. Nbd2 Ne4 10. Nxe4 fxe4 11. Nd2 g5 12. Be3 d5 13. f3 exf3 14. exf3 c5 15. dxc5 e5 16. f4 gxf4 17. Bxd5+ Kh8 18. gxf4 exf4 19. Bd4 Qg5+ 20. Bg2 Bxd4+ 21. cxd4 Rg8 22. Qf3 Nc6 23. Re4 Bf5 24. Rxf4 Bh3 25. Qxh3 Qxf4 26. d5 Qxd2 27. dxc6 Rxg2+ 28. Qxg2 Rg8 29. Qxg8+ Kxg8 30. cxb7 Qxb2 31. Rd1 Qxb7 32. Rd2 Qc6 33. Rc2 Kf7 34. Rc3 Qe4 35. Kf1 Qb1+ 0-1

[Event "GER-chT U20"]
[Site "Osnabrueck"]
[Date "2013.12.29"]
[Round "6.4"]
[White "Beck, Michael1111"]
[Black "Kaulich, Philipp Theodor"]
[Result "1/2-1/2"]
[WhiteElo "1923"]
[BlackElo "2142"]
[PlyCount "162"]
[EventDate "2013.12.27"]
[EventType "team-swiss"]
[EventRounds "7"]
[EventCountry "GER"]
[SourceTitle "EXT 2015"]
[Source "ChessBase"]
[SourceDate "2014.11.20"]
[SourceVersion "1"]
[SourceVersionDate "2014.11.20"]
[SourceQuality "1"]
[WhiteTeam "Heidesheim"]
[BlackTeam "Bebenhausen"]
[WhiteTeamCountry "GER"]
[BlackTeamCountry "GER"]

1. e4 c5 2. d3 Nc6 3. g3 g6 4. Bg2 Bg7 5. Nf3 e5 6. 0-0 Nge7 7. Nc3 d6 8. Nd2 0-0 9. Nc4 Be6 10. a4 f5 11. Bg5 f4 12. Nd5 h6 13. Bxe7 Nxe7 14. c3 Qd7 15. Nxe7+ Qxe7 16. h3 h5 17. Kh2 Rad8 18. Nd2 Bf6 19. c4 Kg7 20. Bf3 Rh8 21. Kg2 Qd7 22. Rh1 Rh7 23. Qe2 Rdh8 24. b3 Bd8 25. Rag1 fxg3 26. fxg3 h4 27. g4 Rf8 28. Nf1 Bg5 29. Ne3 Bxe3 30. Qxe3 Rf4 31. Rf1 Kg8 32. Rf2 Rhf7 33. Rhf1 g5 34. Bd1 Qd8 35. Qd2 Qf8 36. Qe3 R7f6 37. Bf3 Qf7 38. Qd2 Kf8 39. Qa5 b6 40. Qd2 Qc7 41. Ra1 Qh7 42. Raf1 Qb7 43. Qc3 Kg7 44. Qd2 Kg6 45. Qc3 Rf8 46. Qc2 a6 47. Rb1 b5 48. axb5 axb5 49. Ra1 R4f7 50. Rff1 Rb8 51. Ra2 bxc4 52. bxc4 Qb3 53. Qxb3 Rxb3 54. Be2 Rxf1 55. Bxf1 Kf6 56. Kf2 Bd7 57. Ke3 Rb1 58. Rf2+ Ke7 59. Be2 Be6 60. Rf1 Rb3 61. Bd1 Ra3 62. Kd2 Bd7 63. Bc2 Ba4 64. Bxa4 Rxa4 65. Rf5 Ra2+ 66. Ke3 Rh2 67. Rxg5 Rxh3+ 68. Ke2 Rg3 69. Rg6 h3 70. Rh6 Kf7 71. g5 Kg7 72. Kd2 Rg2+ 73. Ke3 Rg3+ 74. Ke2 Rg2+ 75. Ke3 h2 76. Kf3 Rd2 77. Ke3 Ra2 78. Kf3 Rc2 79. Ke3 Rb2 80. Kf3 Rd2 81. Ke3 Ra2 1/2-1/2

[Event "GER-chT U20"]
[Site "Osnabrueck"]
[Date "2013.12.28"]
[Round "4.4"]
[White "Riederer, Martin"]
[Black "Kaulich, Philipp Theodor"]
[Result "1/2-1/2"]
[WhiteElo "2118"]
[BlackElo "2142"]
[PlyCount "87"]
[EventDate "2013.12.27"]
[EventType "team-swiss"]
[EventRounds "7"]
[EventCountry "GER"]
[SourceTitle "EXT 2015"]
[Source "ChessBase"]
[SourceDate "2014.11.20"]
[SourceVersion "1"]
[SourceVersionDate "2014.11.20"]
[SourceQuality "1"]
[WhiteTeam "Hamburger SK"]
[BlackTeam "Bebenhausen"]
[WhiteTeamCountry "GER"]
[BlackTeamCountry "GER"]

1. c4 g6 2. g3 Bg7 3. Bg2 d6 4. Nc3 Nd7 5. d3 h6 6. Rb1 e5 7. e3 Ne7 8. Nge2 0-0 9. 0-0 f5 10. f4 Nf6 11. b4 g5 12. Kh1 Ng6 13. b5 Ng4 14. h3 Nf6 15. Bd2 Nh5 16. Kh2 g4 17. hxg4 fxg4 18. Qe1 exf4 19. Nxf4 Ngxf4 20. exf4 Rb8 21. Ne4 Bf5 22. Be3 Qe8 23. Qf2 b6 24. Rfe1 Qg6 25. Bd4 Rbe8 26. Rbc1 Kh7 27. Qb2 Re6 28. Re3 Rfe8 29. Rce1 Kh8 30. Bc3 Bxc3 31. Qxc3+ Ng7 32. Qa3 R8e7 33. Qxa7 Bxe4 34. Bxe4 Nf5 35. Qa8+ Re8 36. Qd5 Nxe3 37. Rxe3 Qf6 38. Re2 R6e7 39. Kg1 Qa1+ 40. Kf2 Qf6 41. Kg1 Qa1+ 42. Kf2 Qf6 43. Kg2 Rf8 44. Kh2 1/2-1/2

[Event "Deizisau op 8th"]
[Site "Deizisau"]
[Date "2013.10.27"]
[Round "3"]
[White "Kaulich, Philipp Theodor"]
[Black "Bozic, Milan"]
[Result "0-1"]
[WhiteElo "2095"]
[BlackElo "2408"]
[PlyCount "74"]
[EventDate "2013.10.26"]
[EventType "swiss"]
[EventRounds "7"]
[EventCountry "GER"]
[SourceTitle "EXT 2014"]
[Source "ChessBase"]
[SourceDate "2013.11.20"]
[SourceVersion "1"]
[SourceVersionDate "2013.11.20"]
[SourceQuality "1"]

1. g3 e5 2. c4 g6 3. Bg2 Bg7 4. Nc3 Nc6 5. Nf3 Nge7 6. 0-0 0-0 7. d3 d6 8. Bd2 h6 9. Rb1 Be6 10. b4 d5 11. b5 Nb8 12. cxd5 Nxd5 13. Qc2 Nd7 14. Rfc1 Rc8 15. Nxd5 Bxd5 16. Be3 c5 17. bxc6 Rxc6 18. Qd2 Ra6 19. Rc2 g5 20. Ne1 Nf6 21. Rb5 Qd7 22. Rcb2 b6 23. R5b4 Rc8 24. h4 Bxg2 25. Kxg2 Nd5 26. hxg5 Nxb4 27. Rxb4 Qd5+ 28. Nf3 Rxa2 29. Qe1 hxg5 30. Bxg5 Rcc2 31. Be3 Rxe2 32. Qc1 Rac2 33. Qd1 f5 34. Rc4 Rxc4 35. Qxe2 Rc3 36. d4 exd4 37. Bd2 Qe4 0-1

[Event "GER-chT U20"]
[Site "Osnabrueck"]
[Date "2011.12.29"]
[Round "6.3"]
[White "Kaulich, Philipp Theodor"]
[Black "Hobusch, Jan"]
[Result "0-1"]
[WhiteElo "2128"]
[BlackElo "2062"]
[PlyCount "152"]
[EventDate "2011.12.27"]
[EventType "team-swiss"]
[EventRounds "7"]
[EventCountry "GER"]
[SourceTitle "CBM 146 Extra"]
[Source "ChessBase"]
[SourceDate "2012.02.29"]
[SourceVersion "1"]
[SourceVersionDate "2012.02.29"]
[SourceQuality "1"]
[WhiteTeam "Bebenhausen"]
[BlackTeam "Solingen"]
[WhiteTeamCountry "GER"]
[BlackTeamCountry "GER"]

1. e4 c6 2. d4 d5 3. exd5 cxd5 4. Bd3 Nc6 5. c3 Nf6 6. Bf4 Bg4 7. Qb3 Qc8 8. Nd2 e6 9. Ngf3 Be7 10. 0-0 Bh5 11. Rfe1 0-0 12. Ne5 Nxe5 13. Bxe5 Bg6 14. Bxg6 hxg6 15. a3 Qc6 16. Qd1 b5 17. h4 Rfc8 18. Re3 a5 19. Rh3 b4 20. axb4 axb4 21. Rxa8 Rxa8 22. Bxf6 Bxf6 23. h5 bxc3 24. bxc3 gxh5 25. Qxh5 g6 26. Qh7+ Kf8 27. g4 Ke7 28. Qh6 Qc7 29. Qe3 Ra3 30. g5 Bg7 31. Kg2 Kf8 32. f4 Qa5 33. Rf3 Qa4 34. Nf1 Qc2+ 35. Kg1 Qb1 36. Rf2 Qb3 37. Ng3 Qxc3 38. Qxc3 Rxc3 39. Rd2 Ke7 40. Ne2 Re3 41. Kf2 Re4 42. Kf3 f6 43. gxf6+ Bxf6 44. Rd3 Kd6 45. Re3 Rxe3+ 46. Kxe3 Kc6 47. Kd3 Kb5 48. Kc3 Be7 49. Nc1 Bd6 50. Nd3 Ka4 51. Kb2 Kb5 52. Kc3 Bb8 53. Kb3 Kc6 54. Kc3 Kd7 55. Kd2 Ke7 56. Ke2 Kf6 57. Ke3 Kf5 58. Kf3 Bd6 59. Ke3 Kg4 60. Nf2+ Kg3 61. Nd3 Bb8 62. Nc5 Bxf4+ 63. Ke2 e5 64. dxe5 Bxe5 65. Nd3 Bf4 66. Nb4 d4 67. Nc6 Be3 68. Ne5 g5 69. Nd3 g4 70. Kf1 Kh2 71. Ne5 g3 72. Nf3+ Kh3 73. Ne1 Bd2 74. Nf3 g2+ 75. Ke2 Be3 76. Kd3 g1Q 0-1

[Event "GER-ch U16"]
[Site "Oberhof"]
[Date "2011.06.17"]
[Round "8"]
[White "Kaphle, Sebastian"]
[Black "Kaulich, Philipp Theodor"]
[Result "1-0"]
[WhiteElo "2171"]
[BlackElo "1999"]
[PlyCount "95"]
[EventDate "2011.06.11"]
[EventType "swiss"]
[EventRounds "9"]
[EventCountry "GER"]
[SourceTitle "CBM 142 Extra"]
[Source "ChessBase"]
[SourceDate "2011.06.27"]
[SourceVersion "1"]
[SourceVersionDate "2011.06.27"]
[SourceQuality "1"]

1. e4 c5 2. Nf3 d6 3. d4 cxd4 4. Nxd4 Nf6 5. Nc3 g6 6. Be3 Bg7 7. f3 Nc6 8. Qd2 0-0 9. g4 Be6 10. 0-0-0 Nxd4 11. Bxd4 Qa5 12. a3 Rab8 13. h4 b5 14. Nd5 Qxd2+ 15. Rxd2 Bxd5 16. exd5 a5 17. Bh3 b4 18. g5 Nh5 19. Bxg7 Kxg7 20. Bg4 Ng3 21. Rg1 Nf5 22. h5 Rb7 23. h6+ Kg8 24. Rd3 Rfb8 25. Kd2 Kf8 26. Ra1 Ke8 27. axb4 axb4 28. Ra6 Rc7 29. Bxf5 gxf5 30. Rd4 Kd7 31. Kd3 Rbc8 32. Rxb4 Rxc2 33. Ra7+ R2c7 34. Rbb7 Rxb7 35. Rxb7+ Kd8 36. f4 Ra8 37. Kd4 Ra4+ 38. b4 Kc8 39. Rxe7 Rxb4+ 40. Ke3 Rb3+ 41. Ke2 Rb7 42. Re8+ Kd7 43. Rh8 Rb3 44. Rxh7 Ke8 45. Rh8+ Ke7 46. Ra8 Rh3 47. g6 fxg6 48. h7 1-0

[Event "Oberliga Wuerttemberg 1011"]
[Site "Wuerttemberg"]
[Date "2011.01.23"]
[Round "5"]
[White "Kaulich, Philipp Theodor"]
[Black "Thiele, Andreas"]
[Result "1/2-1/2"]
[WhiteElo "1935"]
[BlackElo "2050"]
[PlyCount "61"]
[EventDate "2010.09.26"]
[EventType "team-tourn"]
[EventRounds "9"]
[EventCountry "GER"]
[SourceTitle "EXT 2019"]
[Source "ChessBase"]
[SourceDate "2018.10.10"]
[SourceVersion "1"]
[SourceVersionDate "2018.10.10"]
[SourceQuality "1"]
[WhiteTeam "Bebenhausen"]
[BlackTeam "Boeblingen II"]
[WhiteTeamCountry "GER"]
[BlackTeamCountry "GER"]

1. e4 e5 2. f4 Nc6 3. Bc4 Nf6 4. d3 d6 5. Nf3 Be7 6. 0-0 0-0 7. Nc3 Na5 8. Bb3 Nxb3 9. axb3 Bg4 10. h3 Bxf3 11. Qxf3 exf4 12. Bxf4 c6 13. Ne2 d5 14. e5 Ne8 15. Ng3 g6 16. Bh6 Ng7 17. Ra4 f5 18. Ne2 Bg5 19. Bxg7 Kxg7 20. Nf4 Bxf4 21. Rxf4 Qe7 22. d4 h6 23. Qf2 a5 24. Kh2 b6 25. Qf3 Rf7 26. c4 Qe6 27. cxd5 cxd5 28. Qc3 Rc8 29. Qd3 Qc6 30. R1f2 Rcc7 31. Re2 1/2-1/2

[Event "Deizisau op 5th"]
[Site "Deizisau"]
[Date "2010.10.29"]
[Round "1"]
[White "Kaulich, Philipp Theodor"]
[Black "Strunski, Andreas"]
[Result "1/2-1/2"]
[WhiteElo "1914"]
[BlackElo "2370"]
[PlyCount "64"]
[EventDate "2010.10.29"]
[EventType "swiss"]
[EventRounds "7"]
[EventCountry "GER"]
[SourceTitle "EXT 2011"]
[Source "ChessBase"]
[SourceDate "2010.11.26"]
[SourceVersion "1"]
[SourceVersionDate "2010.11.26"]
[SourceQuality "1"]

1. e4 c5 2. c3 d5 3. exd5 Qxd5 4. d4 g6 5. Nf3 Bg7 6. Na3 cxd4 7. Nb5 Na6 8. Nbxd4 e5 9. Bb5+ Bd7 10. Qe2 Bxb5 11. Nxb5 Ne7 12. Bg5 Qe6 13. Rd1 0-0 14. Rd6 Qg4 15. h3 Qf5 16. g4 Qb1+ 17. Rd1 Qxa2 18. Bxe7 Rfe8 19. Ba3 e4 20. Nfd4 e3 21. f4 Bxd4 22. Rxd4 Rad8 23. Nd6 Re6 24. 0-0 Nc7 25. Rf3 Nd5 26. c4 Nc3 27. Qe1 Qb1 28. Kf1 e2+ 29. Kf2 Nd1+ 30. Kg3 Nc3 31. Kf2 Nd1+ 32. Kg3 Nc3 1/2-1/2

[Event "Wuerttemberg-ch KT"]
[Site "Stuttgart"]
[Date "2010.08.30"]
[Round "3"]
[White "Kuechle, Wolfgang"]
[Black "Kaulich, Philipp Theodor"]
[Result "0-1"]
[WhiteElo "2066"]
[BlackElo "1935"]
[PlyCount "148"]
[EventDate "2010.08.28"]
[EventType "swiss"]
[EventRounds "9"]
[EventCountry "GER"]
[SourceTitle "EXT 2017"]
[Source "ChessBase"]
[SourceDate "2016.10.25"]
[SourceVersion "1"]
[SourceVersionDate "2016.10.25"]
[SourceQuality "1"]

1. c4 f5 2. g3 Nf6 3. Bg2 g6 4. Nc3 Bg7 5. e3 d6 6. Nge2 e5 7. d3 0-0 8. 0-0 Nc6 9. Rb1 a5 10. a3 Be6 11. Nd5 Bxd5 12. cxd5 Ne7 13. b4 axb4 14. axb4 Qe8 15. Qb3 Qf7 16. e4 g5 17. Bxg5 Qh5 18. Bxf6 Rxf6 19. f3 Rh6 20. Kf2 f4 21. Ra1 Rf8 22. Rh1 Rg6 23. Ra7 Qg5 24. g4 Qh4+ 25. Kf1 Rxg4 26. fxg4 f3 27. Ng3 Qxg4 28. Qd1 Ng6 29. Bxf3 Rxf3+ 30. Ke1 Bh6 31. Ra8+ Nf8 32. Nf5 Bg5 33. Qe2 Bh4+ 34. Kd2 Qf4+ 35. Kc3 Bg5 36. Rg1 Kf7 37. Qxf3 Qxf3 38. Rxg5 Ng6 39. Rg3 Qd1 40. Ra2 Qc1+ 41. Rc2 Qa1+ 42. Kd2 Qb1 43. Rxc7+ Kf6 44. Ne3 Qxb4+ 45. Ke2 h5 46. Rg1 Nf4+ 47. Kf3 Qd2 48. Rc2 Qxd3 49. Rg8 Ng6 50. Rf2 Kf7 51. Rb8 Kg7 52. Rxb7+ Kh6 53. Rfb2 Nh4+ 54. Kf2 Qxe4 55. Rf7 Qd4 56. Rc2 Kg6 57. Rf8 Kg7 58. Rfc8 Nf5 59. R8c3 Qf4+ 60. Ke2 Nd4+ 61. Kd3 Nxc2 62. Rxc2 Kf6 63. Rg2 h4 64. Ke2 Qa4 65. Rf2+ Kg5 66. Rf5+ Kg6 67. Rf1 h3 68. Kf3 Qf4+ 69. Ke2 Qd4 70. Kf3 e4+ 71. Kf4 Qe5+ 72. Kg4 Qg5+ 73. Kxh3 Qxe3+ 74. Kg2 Qd4 0-1

[Event "GER-chT U16"]
[Site "Verden an der Aller"]
[Date "2009.12.29"]
[Round "5.3"]
[White "Kaulich, Philipp Theodor"]
[Black "Simanowski, Mio"]
[Result "1-0"]
[WhiteElo "1874"]
[BlackElo "1633"]
[PlyCount "159"]
[EventDate "2009.12.27"]
[EventType "team-swiss"]
[EventRounds "7"]
[EventCountry "GER"]
[SourceTitle "EXT 2022"]
[Source "ChessBase"]
[SourceDate "2021.10.06"]
[SourceVersion "1"]
[SourceVersionDate "2021.10.06"]
[SourceQuality "1"]
[WhiteTeam "Bebenhausen U16"]
[BlackTeam "Muelheim Nord U16"]
[WhiteTeamCountry "GER"]
[BlackTeamCountry "GER"]

1. e4 e5 2. f4 exf4 3. Nf3 d6 4. Bc4 Bg4 5. 0-0 Be7 6. d4 Nf6 7. Qe1 Bxf3 8. Rxf3 0-0 9. Bxf4 Nh5 10. Be3 Bh4 11. Qf1 Qe8 12. Nc3 Be7 13. Nd5 Bd8 14. Rh3 c6 15. Rxh5 cxd5 16. Bxd5 Nd7 17. Qf4 Nf6 18. Rf5 Nxd5 19. Rxd5 Qe6 20. Rf1 Rc8 21. c3 Be7 22. Qf5 Qxf5 23. exf5 Rc6 24. Bf4 Rfc8 25. Re1 Bf8 26. Rb5 b6 27. Kf2 a6 28. Rd5 Rd8 29. Re3 Rc7 30. Bg5 f6 31. Bf4 Re7 32. Rxe7 Bxe7 33. Ke3 Kf7 34. Kd3 g6 35. g4 Ke8 36. c4 g5 37. Bg3 Rd7 38. b4 Kd8 39. a4 Kc7 40. a5 Kc6 41. axb6 Kxb6 42. Ra5 Bf8 43. Ra2 d5 44. c5+ Kb7 45. Re2 Re7 46. Rxe7+ Bxe7 47. Kc3 Kc6 48. Kb3 Kb5 49. Bc7 Bf8 50. Bd8 Bg7 51. Be7 a5 52. bxa5 Kxa5 53. Ka3 Kb5 54. Bd6 Bh8 55. Bf8 Ka5 56. c6 Kb6 57. Kb4 Kxc6 58. Ka5 Kd7 59. Kb5 Ke8 60. Bd6 Bg7 61. Kc5 Kd7 62. Kxd5 Bh6 63. Bc5 Bg7 64. Kc4 Bh6 65. d5 Bg7 66. Kd4 Bh6 67. Ke4 Bg7 68. Kf3 Bh6 69. Kg3 Bg7 70. h3 Ke8 71. h4 Kf7 72. hxg5 fxg5 73. Kf3 Ke8 74. Ke4 Kd7 75. Bd4 Bf8 76. Be5 Bb4 77. f6 Bd2 78. Kf5 Ke8 79. Ke6 Bb4 80. d6 1-0

[Event "GER-chT U16"]
[Site "Verden an der Aller"]
[Date "2009.12.28"]
[Round "4.2"]
[White "Kaulich, Philipp Theodor"]
[Black "Zuferi, Enis"]
[Result "1-0"]
[WhiteElo "1874"]
[BlackElo "1846"]
[PlyCount "71"]
[EventDate "2009.12.27"]
[EventType "team-swiss"]
[EventRounds "7"]
[EventCountry "GER"]
[SourceTitle "EXT 2022"]
[Source "ChessBase"]
[SourceDate "2021.10.06"]
[SourceVersion "1"]
[SourceVersionDate "2021.10.06"]
[SourceQuality "1"]
[WhiteTeam "Bebenhausen U16"]
[BlackTeam "Heilbronn U16"]
[WhiteTeamCountry "GER"]
[BlackTeamCountry "GER"]

1. e4 c5 2. d4 cxd4 3. c3 d3 4. Bxd3 Nc6 5. c4 d6 6. Nc3 Nf6 7. h3 h6 8. Nf3 e6 9. Be3 Be7 10. a3 0-0 11. 0-0 b6 12. b4 Nd7 13. Qb3 Bb7 14. Rac1 Rc8 15. Rfd1 Qc7 16. Nd5 exd5 17. cxd5 Qb8 18. dxc6 Bxc6 19. Nd4 Bb7 20. Nf5 Bf6 21. Bb5 Rxc1 22. Bxc1 Ne5 23. f4 Nc6 24. Rxd6 Nd4 25. Rxd4 Bxd4+ 26. Nxd4 Bxe4 27. Qe3 Qb7 28. Bb2 Bxg2 29. Qg3 Be4 30. Nf5 f6 31. Nxh6+ Kh7 32. Ng4 Qd5 33. Bf1 a5 34. Qh4+ Kg6 35. Ne3 Qh5 36. f5+ 1-0